00621cam a22002173a 450000100060000000300060000600500170001200800410002904000150007004200070008505000060009210000470009824500820014526000290022750600300025651600200028665300130030665300130031983000290033285600420036131411PGUSA20140828083659.0100226s2010||||xxu|||||s|||||000 | eng d aPGUSAbeng adc 4aN1 aCarpenter, Flora L.q(Flora Leona),d1880-10aStories Pictures Tell. Book Fourh[electronic resource] /cFlora L. Carpenter bProject Gutenberg,c2010 aPublic domain in the USA. aElectronic text aPainters aPainting 0aProject Gutenbergv3141140uhttp://www.gutenberg.org/ebooks/31411